| 000 | 00610nam a2200193 i 4500 | ||
|---|---|---|---|
| 001 | 32585 | ||
| 003 | ES-MaACL | ||
| 005 | 20230906154610.0 | ||
| 007 | t| | ||
| 008 | 030131s1928 fr |||| | fre d | ||
| 100 | 1 |
_aBertaux, Félix. _928427 |
|
| 245 | 1 | 0 |
_aPanorama de la litterature allemande contemporaine / _cFelix Bertaux. |
| 250 | _a2eme ed. | ||
| 260 |
_aParís : _bKra, _c1928 ( _fF. Paillart) |
||
| 300 |
_a326 p. ; _c19 cm. |
||
| 650 | 0 | 4 |
_aLiteratura alemana- _yS.XIX- _xHistoria y crítica. _9156831 |
| 650 | 4 |
_aLiteratura alemana- _yS.XX- _xHistoria y crítica. _914501 |
|
| 852 |
_aES-MaACL _jA-1238 |
||
| 999 |
_c32585 _d32585 |
||